000 00698nam a22001577a 4500
003 OSt
005 20221125152612.0
008 151024b xxu||||| |||| 00| 0 eng d
040 _cRUA
082 _aAVM SUO 2013 B543 Or.1
100 _92836
_aSUON, BOROM.
245 _aStudy on pig respiratory disease at um cheang farm preychor district kompong cham province, ការសិក្សាជំងឺរលាកផ្លូវដង្ហើមលើជ្រូកសាច់នៅកសិដ្ឋាន អ៊ំ ជាង ស្រុកព្រៃឈរ ខេត្តកំពង់ចាម
260 _aPhnom Penh
_bRUA
_c2013
300 _aix; 31p.
_bill.
_c29cm.
942 _2ddc
_cATMSP
999 _c2655
_d2655